000
00285nam a2200097Ia 4500
008
231107s2013 xx 000 0 und d
041
_a
eng
100
_a
Hepler Dana J.
245
_a
Drafting Design for Architecture & Construction 9thed.
260
_a
Japan
_b
Delmar Cengage Learning
_c
2013
999
_c
930657
_d
930657